000 00393nam a22001697a 4500
003 MPLRDC
005 20220104113823.0
008 210129b ||||| |||| 00| 0 eng d
082 _a848.2 SMZY-6 c.3
100 _a司马中原著
245 _a驼铃
_c
250 _a七版
260 _a
_b华联出版社
_c1988
300 _b
650 _a现代别集
942 _cBK
_o848.2 SMZY-6 c.3
999 _c2615
_d2605